Disney: Word Chain 3 - Statistics

General Stats
  • This quiz has been taken 46 times
  • The average score is 16 of 16
Answer Stats
Hint Answer % Correct
The little tea cup in the movie Beauty and the Beast Chip
100%
Has the same name as the movie title where she is the main character and gets glass slippers from the Fairy Godmother Cinderella
100%
One of the hyenas from the movie Lion King Ed
100%
The prince in the movie The Little Mermaid Eric
100%
The seagull from the movie The Little Mermaid Scuttle
100%
The king of the gods in greek mythology and in the movie Hercules Zeus
100%
One of the emotions in the movie Inside Out and Inside Out 2 Anger
97%
The sun god in greek mythology and in the movies Hercules and Fantasia Apollo
97%
One of the 7 dwarfs that Snow White meets in the movie Snow White and the 7 Dwarfs Doc
97%
Mickey Mouse's friend that is a duck and wears a sailor outfit Donald Duck
97%
A native american guy from the movie Pocahontas that Pocahontas' father wanted Pocahontas to marry, but one of the Caucasian English people shoots him Kocoum
97%
The most well known Disney character and was first shown in 1928 in Steamboat Willie and was first voiced by Walt Disney and has circular shaped ears Mickey Mouse
97%
Lilo's older sister and acts as a mom to Lilo from the movie Lilo & Stitch Nani
97%
A rabbit Character that was created before 1928 Oswald
97%
The boy who never grows up and has an enemy named Captain Hook Peter Pan
97%
The mother of Anna and Elsa in the movies Frozen and Frozen 2 but she perishes in a shipwreck along with her husband Agnarr in the movie Frozen Iduna
95%
No matching quizzes found
Score Distribution
Percent of People with Each Score
Percentile by Number Answered
Your Score History
You have not taken this quiz